| 000 | 01325nam a2200349Ic 4500 | ||
|---|---|---|---|
| 001 | 59818 | ||
| 003 | CO-BoRNBP | ||
| 005 | 20251106211623.0 | ||
| 007 | ta | ||
| 008 | 180109s2015 ag g 000 0 spa | ||
| 020 | _a9789876295055 | ||
| 040 |
_aCO-BoRNBP _bspa _erda _cCO-BoRNBP |
||
| 041 | _aspa | ||
| 082 | 0 | 4 |
_a616.8553 _bD23a |
| 084 | _a2018 | ||
| 100 |
_aDehaene, Stanislas, _d1965- , _eaut _966741 |
||
| 245 | 1 | 0 |
_aAprender a leer : _bde las ciencias cognitivas al aula / _cStanislas Dehaene ; traducción y adaptación de Yamila Sevilla y María Josefina D'Alessio. |
| 250 | _aSegunda edición | ||
| 264 | 1 |
_aBuenos Aires, Argentina : _bSiglo XXI Editores, _c2015 |
|
| 300 | _a144 páginas | ||
| 336 |
_atexto _btxt _2rdacontent |
||
| 337 |
_asin mediación _bn _2rdamedia |
||
| 338 |
_avolumen _bnc _2rdacarrier |
||
| 490 | 0 | _aCiencia que ladra... serie mayor | |
| 505 | 0 | _a¿Cómo aprende el cerebro a leer? Los principios fundamentales de la enseñanza de la lectura La educación basada sobre la evidencia | |
| 650 | 0 | 7 |
_aAprendizaje significativo _2LEMB _964782 |
| 650 | 0 | 7 |
_aComprensión de lectura _2lemb _97783 |
| 650 | 0 | 7 |
_aMetodología en psicología del aprendizaje _2LEMB _966742 |
| 700 |
_aD´Alessio, María Josefina _etrl _966743 |
||
| 700 |
_aSevilla, Yamila, _etrl _966744 |
||
| 942 |
_2ddc _cBK |
||
| 999 |
_c59818 _d59818 |
||